000 00456nam a22001817a 4500
003 LK-CoDNM
005 20250110121716.0
008 250110b |||||||| |||| 00| 0 eng d
040 _aLK-CoDNM
_dLK-CoDNM
_eLK-CoDNM
041 _aeng
080 _a5
_bO9
100 _aBugnion E.
245 _aBulletin De La Societe Vaudoise
260 _aLausanne
_bIMPRIMERIES rEUNIES
_c1908
300 _a22p. : ill , 21 cm
650 _aScience
942 _cBK
999 _c235942
_d235942